000 01238cam a2200337 a 4500
999 _c3178
_d3178
001 13633193
003 GZU
005 20201123083031.0
008 040622s2002 enka b 001 0 eng d
010 _a 2004274703
015 _aGBA2-Z9402
020 _a0750655402
035 _a(OCoLC)ocm48570081
040 _aUKM
_cUKM
_dDGU
_dDLC
042 _alccopycat
050 0 0 _aHD 58.9
_b.DAV 2002
082 0 4 _a658.4
_221
100 1 _aDavidson, J. H.
_q(J. Hugh),
_d1935-
245 1 4 _aThe committed enterprise :
_bhow to make vision and values work /
_cHugh Davidson.
260 _aOxford ;
_aBoston :
_bButterworth-Heinemann,
_c2002.
300 _axxi, 335 p. :
_bill. ;
_c26 cm.
504 _aIncludes bibliographical references and index.
650 0 _aOrganizational effectiveness.
650 0 _aBusiness ethics.
650 0 _aSuccess in business.
856 4 1 _3Table of contents
_uhttp://www.loc.gov/catdir/toc/els051/2004274703.html
856 4 2 _3Publisher description
_uhttp://www.loc.gov/catdir/description/els051/2004274703.html
906 _a7
_bcbc
_ccopycat
_d2
_encip
_f20
_gy-gencatlg
942 _2lcc
_cBK
_h58.9
_iDAV
_kHD